LOONA all songs (May 2026 update) (completed) - Statistics

General Stats
  • This quiz has been taken 86 times
    12 since last reset
  • The average score is 48 of 87
Answer Stats
Hint Answer % Correct
Project single (HeeJin) ViViD
100%
[X X] Butterfly
88%
Project single(Kim Lip) Eclipse
88%
Project single(Olivia Hye) Egoist
88%
Project single(ViVi) Everyday I Love You
88%
Flip That Flip That
88%
Mix&Match (LOONA ODD EYE CIRCLE) Girl Front
88%
Project single(Chuu) Heart Attack
88%
[+ +] Hi High
88%
HULA HOOP / Starseed -Kakusei- HULA HOOP
88%
Project single(YeoJin) Kiss Later
88%
beauty&thebeat (LOONA yyxy) love4eva
88%
Project single(Choerry) Love Cherry Motion
88%
Project single(Yves) new
88%
[&] PTT (Paint The Town)
88%
Project single(JinSoul) Singing in the Rain
88%
[#] So What
88%
[12:00] Why Not?
88%
Project single (HyunJin) Around You
75%
Project single(Chuu) Girl's Talk
75%
Pre-release [+ +] favOriTe
75%
Project single (HaSeul) Let Me In
75%
Mix&Match (LOONA ODD EYE CIRCLE) LOONATIC
75%
Love&Live (LOONA 1/3) Love&Live
75%
Max&Match(LOONA ODD EYE CIRCLE) ODD Front
75%
Project single(Go Won) One & Only
75%
Project single(Choerry) Puzzle
75%
Project single(Olivia Hye) Rosy
75%
Project single (HaSeul) The Carol
75%
Christmas Single(ViVi, Choerry, Yves) The Carol 2.0
75%
Love&Live (LOONA 1/3) Valentine Girl
75%
Project single(ViVi) Everyday I Need You
63%
LUMINOUS LUMINOUS
63%
Project single(YeoJin) My Sunday
63%
Love&Evil(LOONA 1/3) Rain 51db
63%
Love&Evil(LOONA 1/3) Sonatine
63%
Mix&Match (LOONA ODD EYE CIRCLE) Starlight
63%
Max&Match(LOONA ODD EYE CIRCLE) Sweet Crazy Love
63%
Pre-release [#] 365
50%
Mix&Match (LOONA ODD EYE CIRCLE) Chaotic
50%
[X X] Colors
50%
[X X] Curiosity
50%
Project single(Yves) D-1
50%
beauty&thebeat (LOONA yyxy) frozen
50%
[+ +] Heat
50%
[12:00] Hide & Seek
50%
Project single (HyunJin) I'll Be There
50%
Project single(YeoJin) My Melody
50%
[12:00] OOPS!
50%
Flip That Pale Blue Dot
50%
[+ +] Perfect Love
50%
QUEENDOM 2 POSE
50%
beauty&thebeat (LOONA yyxy) rendezvous 18.6y
50%
Project single(Go Won) See Saw
50%
HULA HOOP / Starseed -Kakusei- Starseed -Kakusei-
50%
[+ +] Stylish
50%
[12:00] Voice
50%
[&] WOW
50%
[&] Be Honest
38%
[#] Day & Night
38%
[#] DingDingDong
38%
[12:00] Fall Again
38%
Project single(JinSoul) Love Letter
38%
Other releases Not Friends
38%
[#] Number 1
38%
[#] Oh (Yes I Am)
38%
[X X] Satellite
38%
QUEENDOM 2 SHAKE IT
38%
LUMINOUS SICK LOVE
38%
QUEENDOM 2 Tell Me Now
38%
Project single(Kim Lip) Twilight
38%
Max&Match(LOONA ODD EYE CIRCLE) Uncover
38%
[12:00] Universe
38%
Love&Live (LOONA 1/3) You and Me Together
38%
Other releases Yum-Yum
38%
[&] A Different Night
25%
[&] Dance On My Own
25%
Love&Live (LOONA 1/3) Fairy Tale
25%
Flip That Need U
25%
beauty&thebeat (LOONA yyxy) one way
25%
[&] U R
25%
[X X] Where you at
25%
Other releases Yummy-Yummy
25%
QUEENDOM 2 Don't Go
0%
QUEENDOM 2 Epilogue
0%
Other releases Love Battery
0%
Other releases Masquerade
0%
No matching quizzes found
Score Distribution
Percent of People with Each Score
Percentile by Number Answered
Your Score History
You have not taken this quiz since the last reset